| 000 | 00384nam a2200157Ia 4500 | ||
|---|---|---|---|
| 008 | 230711s9999||||xx |||||||||||||| ||und|| | ||
| 020 | _a978-93-5124-281-9 | ||
| 041 | _aFRE | ||
| 082 |
_a633.2 _bPR-F |
||
| 100 | _aPrasad N.K. | ||
| 245 | 0 | _aForage and Grassland Management | |
| 260 |
_c2014 _aDelhi _bDaya Publishing House |
||
| 300 | _a188p. | ||
| 650 | _aAgriculture | ||
| 942 | _cBK | ||
| 999 |
_c7558 _d7558 |
||